000 00530nam a2200193 a 4500
001 1772447158768
003 YourLibrary
005 20260302160218.0
008 260302s2009##################000#0#eng##
020 _a9780199566068
082 0 4 _a327.17405
_bSTO
100 1 _aStockholm International Peace Research Institute,,
_eauthor.
245 1 0 _aSIPRI Yearbook 2009 :
260 _bOUP Oxford,
_c2009.
300 _a624 pages
650 0 _aPolitical Science.
942 _cENGLISH
040 _aYourLibrary
_beng
_cYourLibrary
999 _c616562
_d616562